Directores : (Registro nro. 10726)
| 000 -CABECERA | |
|---|---|
| campo de control de longitud fija | 01097cam a2200277 4500 |
| 001 - NÚMERO DE CONTROL | |
| campo de control | 0000012831 |
| 005 - FECHA Y HORA DE LA ÚLTIMA TRANSACCIÓN | |
| campo de control | 20220502110541.0 |
| 008 - DATOS DE LONGITUD FIJA--INFORMACIÓN GENERAL | |
| campo de control de longitud fija | 090415s2003 xxa 000 0 spa |
| 020 ## - NÚMERO INTERNACIONAL ESTÁNDAR DEL LIBRO | |
| Número Internacional Estándar del Libro | 8449424062 |
| 040 ## - FUENTE DE LA CATALOGACIÓN | |
| Centro catalogador/agencia de origen | taller5 |
| 041 1# - CÓDIGO DE LENGUA | |
| Código de lengua del texto/banda sonora o título independiente | spa |
| 100 1# - ENTRADA PRINCIPAL--NOMBRE DE PERSONA | |
| Nombre de persona | Irvin, Polly. |
| 9 (RLIN) | 97712 |
| 245 10 - MENCIÓN DE TÍTULO | |
| Título | Directores : |
| Resto del título | artes escénicas / |
| Mención de responsabilidad, etc. | Polly Irvin ; traducción Jesús Casado Rodrigo ; edición Marta Alcaraz Burgueño. |
| 260 ## - PUBLICACIÓN, DISTRIBUCIÓN, ETC. | |
| Lugar de publicación, distribución, etc. | Barcelona : |
| Nombre del editor, distribuidor, etc. | Océano, |
| Fecha de publicación, distribución, etc. | 2003. |
| 300 ## - DESCRIPCIÓN FÍSICA | |
| Extensión | 176 p. : |
| Otras características físicas | il., fotos (Algunas a color) ; |
| Dimensiones | 30 cm. |
| 500 ## - NOTA GENERAL | |
| Nota general | Incluye índice y glosario. |
| 500 ## - NOTA GENERAL | |
| Nota general | Libro guía para los programas Académicos de : Diseño de Interiores, Diseño y Producción de Televisión, Fotografía. |
| 590 ## - NOTA LOCAL (RLIN) | |
| Nota local | 200901 |
| 590 ## - NOTA LOCAL (RLIN) | |
| Nota local | TECNICA PROFESIONAL EN DISEÑO Y PRODUCCION DE TELEVISION |
| 650 #0 - PUNTO DE ACCESO ADICIONAL DE MATERIA--TÉRMINO DE MATERIA | |
| Término de materia o nombre geográfico como elemento de entrada | DIRECTORES DE TEATRO |
| Subdivisión general | BIOGRAFIAS. |
| 9 (RLIN) | 97713 |
| 650 #0 - PUNTO DE ACCESO ADICIONAL DE MATERIA--TÉRMINO DE MATERIA | |
| Término de materia o nombre geográfico como elemento de entrada | TEATRO |
| Subdivisión general | PRODUCCION Y DIRECCION. |
| 9 (RLIN) | 97714 |
| 700 1# - ENTRADA AGREGADA--NOMBRE PERSONAL | |
| Nombre de persona | Alcaraz Burgueño, Marta, |
| Término indicativo de función/relación | Ed. |
| 9 (RLIN) | 97715 |
| 700 1# - ENTRADA AGREGADA--NOMBRE PERSONAL | |
| Nombre de persona | Casado Rodrigo, Jesús, |
| Término indicativo de función/relación | Tr. |
| 9 (RLIN) | 97716 |
| 908 ## - COLOCAR PARÁMETRO DE COMANDO (RLIN) | |
| Colocar parámetro de comando | 090415 |
| Estado de retiro | Estado de pérdida | Estado dañado | No para préstamo | Código de colección | Localización permanente | Ubicación/localización actual | Fecha de adquisición | Total de préstamos | Signatura topográfica completa | Código de barras | Fecha visto por última vez | Número de copia | Precio válido a partir de | Tipo de ítem Koha |
|---|---|---|---|---|---|---|---|---|---|---|---|---|---|---|
| Colección General | Taller 5 | Taller 5 | 29/04/2022 | 792.0233 I79 | T50013266 | 29/04/2022 | Ej.1 | 29/04/2022 | Libro-General |





Redes Sociales
ACCESOS RAPIDOS T5
Tecnología implementada por